CHAMBERS THESAURUS (Record no. 289351)

MARC details
000 -LEADER
fixed length control field 00372pam a2200145a 44500
008 - FIXED-LENGTH DATA ELEMENTS--GENERAL INFORMATION
fixed length control field 230405s2017 xxu||||| |||| 00| 0 eng d
041 ## - LANGUAGE CODE
Language code of text/sound track or separate title ENG
100 ## - MAIN ENTRY--PERSONAL NAME
Personal name Manser M H
245 ## - TITLE STATEMENT
Title CHAMBERS THESAURUS
250 ## - EDITION STATEMENT
Edition statement 1998 Ed.
260 ## - PUBLICATION, DISTRIBUTION, ETC.
Place of publication, distribution, etc. NEWDELHI
Name of publisher, distributor, etc. ALLIED CHAMBERS
Date of publication, distribution, etc. 2017
300 ## - PHYSICAL DESCRIPTION
Extent 1077p.
440 ## - SERIES STATEMENT/ADDED ENTRY--TITLE
Title UNIVERSAL BOOK STOLL,PUNE, B-141, DT-16/09/2003
906 ## - LOCAL DATA ELEMENT F, LDF (RLIN)
a 473
Holdings
Withdrawn status Lost status Damaged status Not for loan Collection Home library Current library Date acquired Total Checkouts Barcode Date last seen Date last checked out Price effective from Koha item type
          Loknete Mohanrao Kadam College of Agriculture, Kadegaon, Sangli Loknete Mohanrao Kadam College of Agriculture, Kadegaon, Sangli 02/01/2017 3 AGK-122 03/06/2026 30/05/2026 17/04/2023 Book